| 000 | 00449nam a2200157Ia 4500 | ||
|---|---|---|---|
| 999 |
_c19277 _d19277 |
||
| 003 | OSt | ||
| 005 | 20200706103826.0 | ||
| 008 | 190216s9999||||xx |||||||||||||| ||und|| | ||
| 040 | _coclc | ||
| 082 |
_a942.07 _bDER/R |
||
| 100 |
_aDerry, John W _93542 |
||
| 245 | 0 |
_aReaction And Reform 1793-1868 / _cJohn W Derry |
|
| 260 |
_bSurjeet Pub, _c1978. _aDelhi: |
||
| 300 | _a232p | ||
| 942 |
_cBK _2ddc _h942.07 _iDER/R _k942.07 _mDER/R |
||